| 000 | 00867nam a2200241 a 4500 | ||
|---|---|---|---|
| 001 | 78275 | ||
| 003 | BD-RjUL | ||
| 005 | 20211209083118.0 | ||
| 008 | 210901s1985 bg ||||| |||| 00| 0 ben d | ||
| 035 | _a(BD-RjUL)78501 | ||
| 040 |
_aBD-RjUL _beng _cBD-RjUL |
||
| 041 | _aben | ||
| 082 |
_223 _a306.4495492 _bALB 1985 |
||
| 100 |
_aআলহেলাল, বশীর _9145873 |
||
| 245 | 1 | 0 |
_aভাষা-আন্দোলনের ইতিহাস / _cবশীর আলহেলাল |
| 260 |
_aঢাকা : _bবাংলা একাডেমী, _c১৯৮৫ |
||
| 300 |
_a৭২৮ পৃ.; _c২৩ সেমি. |
||
| 650 |
_aবাংলা ভাষা আন্দোলন _9247308 |
||
| 650 |
_aBengali language movement _9247309 |
||
| 650 |
_aভাষা নীতি _9247310 |
||
| 650 |
_aLanguage policy _9247311 |
||
| 942 |
_2ddc _cBK |
||
| 999 |
_c78275 _d78275 |
||